000 00660nas a2200241 4500
001 BR7902346
003 BR-BrBNA
005 20231205083705.0
007 ta
008 230509b bl.|||p| |||| 00| 00por d
040 _aBR-BrBNA
_bpor
_cBiblioteca Nacional de Agricultura
041 _a(Pt)
072 _aP12
100 1 _aXavier, C.
245 1 _aExtracao da agua, o segredo dos pocos
650 _aBOMBA D'AGUA
650 _aPOCO
650 _aAGUA
650 _aEQUIPAMENTO
773 0 _tAgricultura de Hoje (Brazil)
_xISSN 0100-5707
_g(Jul 1978), v. 4(39) p. 38-39
_wBR7902346
909 _a202311
_bLúcia
_c55
_dLúcia Elande
942 _2AGRIS
_n0
_cANA
999 _c100584
_d100584